Manual de los santos sacramentos : conforme al ritual de N. SS. P. Paulo V. formado por orden ... D. Juan de Palafox y Mendoza ...
| Other Authors: | , |
|---|---|
| Format: | Book |
| Language: | Spanish Latin Nahuatl |
| Language Notes: | Text in Spanish and Latin with some sections in Nahuatl. |
| Published: |
En México :
IEn la imprenta de la Bibliotheca Mexicana,
Año de 1758.
|
| Edition: | 4a. reimpr., nuevamente corr. / |
| Subjects: |
MARC
| Tag | First Indicator | Second Indicator | Subfields |
|---|---|---|---|
| LEADER | 00000cam a2200000K 4500 | ||
| 001 | in00002327621 | ||
| 005 | 20151108041258.0 | ||
| 008 | 910611s1758 mx 000 0 spa d | ||
| 035 | |a (OCoLC)ocm23912533 | ||
| 040 | |a RQL |c RQL |d TXA |d UtOrBLW | ||
| 041 | 0 | |a spa |a lat |a nah | |
| 049 | |a TXAM | ||
| 090 | |a BX1973 |b M36 1758 | ||
| 245 | 0 | 0 | |a Manual de los santos sacramentos : |b conforme al ritual de N. SS. P. Paulo V. formado por orden ... D. Juan de Palafox y Mendoza ... |
| 250 | |a 4a. reimpr., nuevamente corr. / |b Dn. Domingo Pantaleón Alvarez de Abreu. | ||
| 264 | 1 | |a En México : |b IEn la imprenta de la Bibliotheca Mexicana, |c Año de 1758. | |
| 300 | |a 18 unnumbered pages, 206 pages, 5 unnumbered pages : |b illustrations (woodcut) title-page ; |c 20 cm. | ||
| 336 | |a text |b txt |2 rdacontent | ||
| 337 | |a unmediated |b n |2 rdamedia | ||
| 338 | |a volume |b nc |2 rdacarrier | ||
| 546 | |a Text in Spanish and Latin with some sections in Nahuatl. | ||
| 500 | |a Title in red and black, in ornamental border (printer's ornaments), half title page with woodcut coat of arms of the dedicatee Juan de Palafox y Mendoza, ornamental initials, head- and tail-pieces. | ||
| 650 | 0 | |a Sacraments |x Catholic Church |v Early works to 1800. | |
| 650 | 0 | |a Sacraments (Liturgy) | |
| 610 | 2 | 0 | |a Catholic Church |x Liturgy. |
| 700 | 1 | |a Alvarez de Abreu, Domingo Pantaleón, |d 1683-1763. | |
| 700 | 1 | |a Palafox y Mendoza, Juan de, |d 1600-1659. | |
| 910 | |a tp3107 | ||
| 994 | |a 02 |b TXA | ||
| 999 | |a MARS | ||
| 999 | f | f | |s e6c8cfd7-ad11-3851-a1ec-9a404f6d3646 |i 900bb605-12ba-3541-8163-8db7b02b390b |t 0 |
| 952 | f | f | |p noncirc |a Texas A&M University |b College Station |c Cushing Memorial Library & Archives |d Cushing: Colonial Mexican Imprints (Does not check out) |t 0 |e BX1973 M36 1758 |h Library of Congress classification |i unmediated -- volume |m A14851975988 |
| 998 | f | f | |a BX1973 M36 1758 |t 0 |l Cushing: Colonial Mexican Imprints (Does not check out) |